000 01890nam a22004577a 4500
003 CHAP
005 20220329143240.0
008 070828d1998 mx ad r 00110 spa d
010 _a93930
011 _a94902
020 _a970-640-167-9 (v.4)
020 _a970-640-194-6 (v.5)
020 _a9706401024 (v.3)
035 _a105501
040 _cCHAP
082 0 4 _a574.191
_bB65
100 0 0 _aBolívar Zapata, Francisco G.
_913591
245 1 0 _aObra científica:
_btrabajos seleccionados de divulgación científica
_c/por Francisco Bolívar Zapata
260 _aMéxico, D. F. :
_bEl Colegio Nacional,
_c1998-
300 _av. :
_bilus. ; gráfs. ; tablas ; cuad.
410 2 1 _aEl Colegio Nacional
490 0 _aObras de Francisco Bolívar Zapata
500 _aLa biblioteca tiene: v.3 Biología molecular ; Ingeniería genética y Biotecnología -- v.4 La genética moderna: fundamentos y horizontes -- v.5 Reflexiones y propuestas sobre ciencia y tecnología
590 _aBATCH-UPD
_b10
_c20130110
_lUCH01
_h0211
590 _aBATCH-UPD
_b10
_c20130110
_lUCH01
_h1521
590 _aBATCH-UPD
_b10
_c20130409
_lUCH01
_h2226
590 _aBATCH-UPD
_b10
_c20130410
_lUCH01
_h0933
590 _aBATCH-UPD
_b10
_c20130914
_lUCH01
_h0630
590 _aCONVERSION
_b10
_c20130109
_lUCH01
_h1352
650 1 4 _aBiofísica
_xInvestigación.
_912737
650 1 4 _aBiotecnología
_xInvestigación.
_912882
650 1 4 _aIngeniería genética
_xInvestigación.
_958233
810 2 _aEl Colegio Nacional
_936119
830 0 _aObras de Francisco Bolívar Zapata
_982541
901 _aBK
905 _aMarco A. Mendoza T.
942 _cLIBRO
949 _a574.191 B65
_bBC
_cLIBRO
_d33724002036272
_eLIBRO
_fv.3
_h108810
_i105501
_sb
949 _a574.191 B65
_bBC
_cLIBRO
_d33724002036330
_eLIBRO
_fv.5
_h108815
_i105501
_sb
949 _a574.191 B65
_bBC
_cLIBRO
_d33724002036751
_eLIBRO
_fv.4
_h108883
_i105501
_sb
999 _c93930
_d93930